Canones et decreta Sacrosancti Oecumenici, et generalis Concilii Tridentini sub Paulo III, Julio III, et Pio IV, Pontificibus Maximis, cum patrum subscriptionibus antehac ineditus

Detalles Bibliográficos
Autor Corporativo: Concilio de Trento, 1545-1563
Formato: Libro
Lenguaje:Latin
Publicado: Romae : typis, & sumptibus Hieronymi Manardi, 1733.
Materias:
Colección:Banco de datos
Acervo:Biblioteca Félix de Jesús Rougier de los Misioneros del Espíritu Santo. Fondo Antiguo
Descripción Física:[4] h., 700 p. ; 32°
Tema general:Concilios
Notas:Portada tipográfica con plecas y grabado central calcográfico. Texto a renglón seguido con notas a pie de página. Incluye cabecera de título en grabado xilográfico. Incluye capitular en grabado xilográfico. Encuadernación en pergamino sobre cartón. Sello en tinta de la Bibliotheca Domus S. Filipi a Iesu, Mexici. Sello en tinta del Vicariato de México. Sello en tinta de la Biblioteca Félix de Jesús Rougier. Daños en la encuadernación, desprendida
LEADER 01376nam a22001930004500
035 |a 922 
041 0 |a lat 
110 1 |a Concilio de Trento, 1545-1563 
245 1 0 |a Canones et decreta Sacrosancti Oecumenici, et generalis Concilii Tridentini sub Paulo III, Julio III, et Pio IV, Pontificibus Maximis, cum patrum subscriptionibus antehac ineditus 
260 |a Romae : typis, & sumptibus Hieronymi Manardi, 1733. 
300 |a [4] h., 700 p. ; 32° 
500 |a Portada tipográfica con plecas y grabado central calcográfico. Texto a renglón seguido con notas a pie de página. Incluye cabecera de título en grabado xilográfico. Incluye capitular en grabado xilográfico. Encuadernación en pergamino sobre cartón. Sello en tinta de la Bibliotheca Domus S. Filipi a Iesu, Mexici. Sello en tinta del Vicariato de México. Sello en tinta de la Biblioteca Félix de Jesús Rougier. Daños en la encuadernación, desprendida 
504 |a Al final de la obra está el índice de constituciones del derecho antiguo del Sagrado Concilio Tridentino 
504 |a Al final de la obra está el index dogmatum, et reformationis S. Concilii Tridentini 
650 1 0 |a Concilios 
949 |a Biblioteca Félix de Jesús Rougier, Fondo Antiguo 1591 
942 |c ROUGIER 
943 |g Biblioteca Félix de Jesús Rougier de los Misioneros del Espíritu Santo. Fondo Antiguo 
999 |c 945941  |d 945941